[Event "11th WUCC Men"]
[Site "Zuerich SUI"]
[Date "2010.09.06"]
[Round "3"]
[White "Jurcik,Mari"]
[Black "Megaranto,S"]
[Result "1/2-1/2"]
[WhiteElo "2466"]
[BlackElo "2516"]
[EventDate "2010.09.05"]

1. Nf3 Nf6 2. c4 e6 3. Nc3 Bb4 4. Qc2 O-O 5. a3 Bxc3 6. Qxc3 b6 7. e3 Bb7
8. b4 d6 9. Bb2 Nbd7 10. Be2 a5 11. O-O Qe7 12. d3 axb4 13. axb4 c5 14.
Rxa8 Rxa8 15. Ra1 Rxa1+ 16. Bxa1 Qd8 17. Qa3 Qa8 18. Qxa8+ 1/2-1/2

[Event "11th WUCC Men"]
[Site "Zuerich SUI"]
[Date "2010.09.06"]
[Round "3"]
[White "Lysyj,I"]
[Black "Pruijssers,R"]
[Result "1/2-1/2"]
[WhiteElo "2638"]
[BlackElo "2483"]
[EventDate "2010.09.05"]

1. d4 Nf6 2. Nf3 g6 3. c4 Bg7 4. Nc3 d6 5. e4 O-O 6. h3 e5 7. d5 a5 8. g4
Na6 9. Be3 c6 10. Nd2 Bd7 11. Be2 cxd5 12. cxd5 Nc5 13. h4 Ne8 14. g5 a4
15. a3 f5 16. h5 Rf7 17. hxg6 hxg6 18. exf5 Bxf5 19. Rh4 Bf8 20. Nxa4 Nxa4
21. Rxa4 Rxa4 22. Qxa4 Rh7 23. Rc1 Be7 24. Ne4 Kf8 25. Bd3 Rh4 26. Rc4 Bxe4
27. Bxe4 Bxg5 28. Bxg6 Rxc4 29. Qxc4 Bxe3 30. fxe3 Nf6 31. Qh4 Ke7 32. Qh6
Kd7 33. Bf5+ Kc7 34. e4 Kb8 35. Kf1 Qe7 36. Ke2 Qf7 37. Kd3 Ka7 38. Be6 Qe7
39. b4 Ne8 40. a4 Nc7 41. Kc4 b5+ 42. axb5 Qe8 43. Qe3+ Kb7 44. Kb3 1/2-1/2

[Event "11th WUCC Men"]
[Site "Zuerich SUI"]
[Date "2010.09.06"]
[Round "3"]
[White "Gundavaa,B"]
[Black "Mekhitarian,K"]
[Result "1-0"]
[WhiteElo "2460"]
[BlackElo "2550"]
[EventDate "2010.09.05"]

1. d4 Nf6 2. Nf3 g6 3. Bg5 Bg7 4. Nbd2 O-O 5. c3 d6 6. e4 Nc6 7. d5 Nb8 8.
Bc4 c6 9. O-O b5 10. Bb3 Bb7 11. Qe2 cxd5 12. exd5 Nbd7 13. Nd4 Nc5 14. Nc6
Bxc6 15. dxc6 a6 16. a4 Rb8 17. axb5 Rxb5 18. Rxa6 Qb8 19. Ra8 Qxa8 20.
Qxb5 Rb8 21. Qc4 e6 22. c7 Rc8 23. Bd1 Qb7 24. Qf4 Ne8 25. b4 Nd7 26. Qg3
Qxc7 27. c4 Ne5 28. Be2 Nf6 29. h3 Qb7 30. Bxf6 Bxf6 31. Rb1 Qc7 32. Qf4
Be7 33. Ra1 Qb8 34. Rb1 Kg7 35. Qd4 Bf6 36. Qe3 Nc6 37. b5 Ne5 38. b6 Qb7
39. Ne4 Be7 40. Qd4 Kg8 41. Nxd6 Bxd6 42. Qxd6 Nxc4 43. Qb4 Ne5 44. Qd4 Nc6
45. Qf6 Ne7 46. Bf3 Nd5 47. Qe5 Rd8 48. h4 Qb8 49. Qxb8 Rxb8 50. b7 Kf8 51.
Kf1 Ke7 52. Bxd5 exd5 53. Ke2 Kd6 54. Kd3 Kc5 55. g4 h5 56. gxh5 gxh5 57.
Rb2 d4 58. Rb3 Kd5 59. Rb4 Kc5 60. Rc4+ Kb5 61. Rc7 Kb6 62. Rxf7 Rd8 63.
Rd7 Rg8 64. Kxd4 Rg4+ 65. Ke5 Ka7 66. Rd4 Rg2 67. Rb4 Kb8 68. f3 Rg8 69.
Rb1 Re8+ 70. Kf5 Rf8+ 71. Kg5 Rxf3 72. Kxh5 Rd3 73. Rb6 Rd8 74. Kg6 Rg8+
75. Kh7 Rd8 76. h5 Rd7+ 77. Kg6 Rd8 78. h6 Rd7 79. h7 Rd8 80. Kg7 Rd7+ 81.
Kh6 Rd8 82. Rg6 1-0

[Event "11th WUCC Men"]
[Site "Zuerich SUI"]
[Date "2010.09.06"]
[Round "3"]
[White "Ahmadinia,E"]
[Black "Jumabayev,R"]
[Result "0-1"]
[WhiteElo "2436"]
[BlackElo "2547"]
[EventDate "2010.09.05"]

1. e4 e6 2. d4 d5 3. e5 c5 4. c3 Nc6 5. Nf3 Qb6 6. a3 Bd7 7. b4 cxd4 8.
cxd4 Rc8 9. Bb2 Nh6 10. Nc3 Na5 11. Na4 Qc6 12. Nc5 Nc4 13. Bc1 Nf5 14. Bd3
Be7 15. O-O b6 16. Nxd7 Qxd7 17. Ra2 h5 18. Bxf5 exf5 19. h4 a5 20. bxa5
bxa5 21. Re1 Rc6 22. Qd3 O-O 23. Bg5 g6 24. Bxe7 Qxe7 25. Rb1 Qd7 26. Re2
Re8 27. Ng5 a4 28. Kh2 Qc7 29. f4 Rb6 30. Qd1 Rxb1 31. Qxb1 Rb8 32. Qc1 Qa7
33. e6 f6 34. Nf3 Qc7 35. Kh3 Qd6 36. e7 Re8 37. Qb1 Nxa3 38. Qa2 Kf7 39.
Kg3 Rxe7 40. Rxe7+ Kxe7 41. Ne1 Qb4 42. Nd3 Qc3 43. Qe2+ Kf7 44. Qe3 Nb5
45. Kh2 a3 0-1

[Event "11th WUCC Men"]
[Site "Zuerich SUI"]
[Date "2010.09.06"]
[Round "3"]
[White "Papin,V"]
[Black "Nestorovic,N"]
[Result "1/2-1/2"]
[WhiteElo "2534"]
[BlackElo "2420"]
[EventDate "2010.09.05"]

1. d4 Nf6 2. Nf3 c5 3. d5 b5 4. Bg5 Ne4 5. Bh4 Bb7 6. Qd3 f5 7. Nbd2 c4 8.
Qd4 Nf6 9. e4 Na6 10. c3 fxe4 11. Nxe4 Qb6 12. Bxf6 exf6 13. a4 Nc7 14.
axb5 Bxd5 15. O-O-O Qxb5 16. Qe3 Be6 17. Nd4 Qa4 18. Nxe6 Nxe6 19. Nd2 Qa1+
20. Kc2 Qa4+ 21. Kc1 Qa1+ 22. Kc2 Qa4+ 1/2-1/2

[Event "11th WUCC Men"]
[Site "Zuerich SUI"]
[Date "2010.09.06"]
[Round "3"]
[White "Miljkovic,Mir1"]
[Black "Purnama,T"]
[Result "1-0"]
[WhiteElo "2510"]
[BlackElo "2400"]
[EventDate "2010.09.05"]

1. d4 Nf6 2. c4 g6 3. Nc3 Bg7 4. Bg5 h6 5. Bh4 O-O 6. e3 d6 7. Nf3 Nc6 8.
Be2 Bf5 9. Nd2 e5 10. d5 Ne7 11. g4 Bd7 12. O-O g5 13. Bg3 Nxg4 14. Bxg4 f5
15. Bh3 f4 16. Be6+ Bxe6 17. dxe6 c6 18. Qg4 fxg3 19. hxg3 d5 20. Rad1 d4
21. Nb3 Nf5 22. Ne2 Qf6 23. exd4 Qxe6 24. d5 cxd5 25. Rxd5 Qf7 26. Qe4 Rac8
27. Nd2 Nd4 28. Nxd4 exd4 29. Qd3 Rce8 30. Ne4 Qf3 31. Qxf3 Rxf3 32. Nd6
Re2 33. b4 Rxa2 34. Nxb7 Rc3 35. Nd6 d3 36. c5 Re2 37. Kg2 a6 38. Nf5 Bf8
39. Rd7 g4 40. Ne3 Bg7 41. Rd1 1-0

[Event "11th WUCC Men"]
[Site "Zuerich SUI"]
[Date "2010.09.06"]
[Round "3"]
[White "Mohajerin Esfahani,Peyman"]
[Black "Roganovic,Milo"]
[Result "1-0"]
[WhiteElo "2366"]
[BlackElo "2497"]
[EventDate "2010.09.05"]

1. c4 e5 2. Nc3 Nc6 3. g3 f5 4. Bg2 Nf6 5. d3 Bb4 6. Bd2 Bxc3 7. Bxc3 d6 8.
e3 O-O 9. Ne2 Qe8 10. Qd2 Bd7 11. b4 Rb8 12. b5 Nd8 13. O-O Qh5 14. f4 Nf7
15. Rae1 c6 16. a4 Rbe8 17. fxe5 dxe5 18. Bb4 Ng5 19. Bxf8 Rxf8 20. d4 Be6
21. dxe5 Ng4 22. h4 Bxc4 23. Rf4 Bxe2 24. Qxe2 Ne6 25. Qc4 Qg6 26. e4 Nxe5
27. Qb3 Qf7 28. Rxf5 Nd4 29. Rxf7 Nxb3 30. Rxb7 cxb5 31. Rxb5 Nd3 32. Re3
Nbc5 33. Bf1 a6 34. Ra5 1-0

[Event "11th WUCC Men"]
[Site "Zuerich SUI"]
[Date "2010.09.06"]
[Round "3"]
[White "Ismagambetov,An"]
[Black "Poobalasingam,P"]
[Result "1-0"]
[WhiteElo "2492"]
[BlackElo "2330"]
[EventDate "2010.09.05"]

1. e4 c5 2. Nf3 e6 3. d4 cxd4 4. Nxd4 a6 5. Bd3 Nf6 6. O-O d6 7. Nc3 g6 8.
Kh1 Bg7 9. Bg5 O-O 10. f4 Qb6 11. Nb3 Nc6 12. Qe2 Qc7 13. Rae1 b5 14. Qf2
Ng4 15. Qg3 b4 16. Nd1 f5 17. exf5 gxf5 18. Ne3 Nxe3 19. Rxe3 Kh8 20. Qh4
Bxb2 21. Bc4 Qf7 22. Rfe1 d5 23. Be2 Bf6 24. Rg3 Bxg5 25. Rxg5 Ra7 26. Qf2
Rc7 27. Nc5 Qf6 28. Nxa6 Bxa6 29. Bxa6 Nd4 30. Bd3 Rfc8 31. h3 Nxc2 32. Re5
b3 33. axb3 Nb4 34. Bxf5 Re7 35. Rxe6 Rxe6 36. Bxe6 Nd3 37. Qe3 Nxf4 38.
Bxc8 Qxg5 39. g3 Nxh3 40. Qc3+ d4 41. Qxd4+ Kg8 42. Bxh3 Qc1+ 43. Kh2 Qc2+
44. Bg2 1-0

[Event "11th WUCC Men"]
[Site "Zuerich SUI"]
[Date "2010.09.06"]
[Round "3"]
[White "Kurmann,O"]
[Black "Hindermann,F"]
[Result "1/2-1/2"]
[WhiteElo "2452"]
[BlackElo "2303"]
[EventDate "2010.09.05"]

1. e4 e6 2. d4 d5 3. Nd2 Nc6 4. Ngf3 Nf6 5. e5 Nd7 6. Nb3 a5 7. Bg5 Be7 8.
Bxe7 Qxe7 9. c3 f6 10. exf6 Qxf6 11. Be2 a4 12. Nc1 e5 13. dxe5 Ndxe5 14.
a3 Be6 15. Nxe5 Nxe5 16. O-O 1/2-1/2

[Event "11th WUCC Men"]
[Site "Zuerich SUI"]
[Date "2010.09.06"]
[Round "3"]
[White "Pacher,M"]
[Black "Pitra,Andika"]
[Result "0-1"]
[WhiteElo "2449"]
[BlackElo "2283"]
[EventDate "2010.09.05"]

1. d4 d6 2. e4 Nf6 3. Nc3 g6 4. Be3 c6 5. h3 Bg7 6. f4 O-O 7. e5 dxe5 8.
dxe5 Nd5 9. Nxd5 cxd5 10. Nf3 Nc6 11. Qd2 Bf5 12. O-O-O Rc8 13. a3 Na5 14.
Nd4 Rxc2+ 15. Qxc2 Bxc2 16. Kxc2 e6 17. Kb1 Qe7 18. Rc1 f6 19. Nb5 b6 20.
Rc7 Qd8 21. Rxa7 fxe5 22. fxe5 Bxe5 23. Be2 Nc4 24. Bh6 Qh4 25. Bxc4 Qe4+
26. Ka1 Bxb2+ 0-1

[Event "11th WUCC Men"]
[Site "Zuerich SUI"]
[Date "2010.09.06"]
[Round "3"]
[White "Darini,P"]
[Black "Viela,A"]
[Result "1-0"]
[WhiteElo "2430"]
[BlackElo "2224"]
[EventDate "2010.09.05"]

1. e4 c5 2. Nf3 d6 3. d4 cxd4 4. Nxd4 Nf6 5. Nc3 Nc6 6. Bc4 e5 7. Nf5 Be6
8. Bb3 Bxf5 9. exf5 Be7 10. g4 Nd7 11. Be3 Qa5 12. Qd5 O-O 13. g5 Kh8 14.
O-O-O Nc5 15. Kb1 Nxb3 16. Qxb3 Nd4 17. Bxd4 exd4 18. Nd5 Bxg5 19. Rxd4
Rae8 20. Rdd1 b6 21. f4 Bf6 22. Rhg1 Qc5 23. Qd3 b5 24. b3 Rc8 25. Rg2 Rfe8
26. Nxf6 gxf6 27. Qxd6 Qxf5 28. Rd5 Re1+ 29. Kb2 Qe6 30. Qd8+ Rxd8 31.
Rxd8+ Qe8 32. Rxe8+ Rxe8 33. Kc3 Re4 34. Kd3 Rxf4 35. c4 bxc4+ 36. bxc4
Rf3+ 37. Kd4 Rf1 38. c5 Rd1+ 39. Kc4 Rc1+ 40. Kd5 f5 41. c6 f4 42. Kd6 f3
43. Rf2 Rc3 44. c7 Kg7 45. Kd7 Rd3+ 46. Kc6 f5 47. c8=Q Rc3+ 48. Kd7 Rxc8
49. Kxc8 Kf6 50. Rxf3 Kg5 51. Ra3 f4 52. Rxa7 h5 53. Rf7 1-0

[Event "11th WUCC Men"]
[Site "Zuerich SUI"]
[Date "2010.09.06"]
[Round "3"]
[White "Panjwani,R"]
[Black "Costa,JoaoG"]
[Result "1-0"]
[WhiteElo "2429"]
[BlackElo "2186"]
[EventDate "2010.09.05"]

1. Nf3 f5 2. c4 Nf6 3. g3 g6 4. b4 d6 5. Bg2 Bg7 6. Bb2 e5 7. d3 O-O 8. O-O
Qe8 9. e3 Nc6 10. b5 Nd8 11. a4 Ne6 12. Nc3 g5 13. Nd2 f4 14. a5 a6 15. b6
g4 16. exf4 exf4 17. Re1 f3 18. Bf1 Qh5 19. Nb3 cxb6 20. axb6 d5 21. Ra5
Ng5 22. Re7 d4 23. Nd5 Nxd5 24. Rxd5 Bf6 25. Re4 Qh6 26. Bc1 Nh3+ 27. Bxh3
Qxh3 28. Qf1 Qxf1+ 29. Kxf1 a5 30. Ba3 Rf7 31. Re8+ Kg7 32. Nd2 a4 33. Ne4
Be7 34. Bxe7 a3 35. Rg5+ Kh6 36. Bf8+ Rxf8 37. Rxf8 1-0

[Event "11th WUCC Men"]
[Site "Zuerich SUI"]
[Date "2010.09.06"]
[Round "3"]
[White "Erdene,G"]
[Black "Nadj Hedjesi,B"]
[Result "1-0"]
[WhiteElo "2323"]
[BlackElo "2407"]
[EventDate "2010.09.05"]

1. e4 c5 2. Nf3 d6 3. Bb5+ Nd7 4. O-O Ngf6 5. Re1 Qc7 6. c3 a6 7. Bf1 e5 8.
d4 Be7 9. a4 b6 10. Na3 Bb7 11. d5 O-O 12. Bg5 Qd8 13. b4 h6 14. Bxf6 Bxf6
15. Nc4 Be7 16. Qb1 f5 17. Bd3 cxb4 18. cxb4 Nf6 19. a5 fxe4 20. Bxe4 Nxe4
21. Qxe4 b5 22. Nb6 Rb8 23. g3 Bc8 24. Nd4 Qe8 25. Ne6 Rf7 26. h4 Bb7 27.
Rac1 Bd8 28. Rc3 Bxb6 29. axb6 Bc8 30. Nc7 Qd7 31. Ne6 Qe8 32. Rc6 Bxe6 33.
dxe6 Qxe6 34. Rd1 Rd8 35. Qd5 Qxd5 36. Rxd5 Rfd7 37. Kg2 Kf7 38. Kf3 Ke6
39. Ke4 Ke7 40. h5 Rf8 41. f3 Rf6 42. Ke3 Rb7 43. Ke4 Kd7 44. Rc2 Rxb6 45.
Rd3 Ke6 46. Rc7 Rf7 47. Rxf7 Kxf7 48. Kd5 Kf6 49. Rc3 a5 50. bxa5 Ra6 51.
Rb3 Rxa5 52. Kxd6 Ra8 53. Rxb5 Rd8+ 54. Kc5 Rd3 55. Rb6+ Kf5 56. Rg6 Rxf3
57. Rxg7 e4 58. Kd4 Rd3+ 59. Kc4 Rd8 60. Rf7+ Ke6 61. Ra7 Rd1 62. Ra8 Kf5
63. Rf8+ Ke5 64. Re8+ Kf5 65. Rf8+ Kg5 66. Re8 Re1 67. Kd4 Kxh5 68. Rg8 Re2
69. Rg7 Re1 70. Rg8 e3 71. Kd3 e2 72. Kd2 Rf1 73. Kxe2 Rf5 74. g4+ 1-0

[Event "11th WUCC Men"]
[Site "Zuerich SUI"]
[Date "2010.09.06"]
[Round "3"]
[White "Kuipers,S"]
[Black "Herath,H"]
[Result "1-0"]
[WhiteElo "2370"]
[BlackElo "1884"]
[EventDate "2010.09.05"]

1. e4 c5 2. Nf3 e6 3. d4 cxd4 4. Nxd4 Nf6 5. Nc3 d6 6. g4 Nc6 7. g5 Nd7 8.
Be3 Be7 9. h4 a6 10. Qd2 Qc7 11. O-O-O Rb8 12. f4 b5 13. Bd3 Bb7 14. h5
Nxd4 15. Bxd4 e5 16. Be3 Qa5 17. Kb1 b4 18. Nd5 Bxd5 19. exd5 Qxd5 20. Qe2
Qa5 21. Bc4 Nc5 22. fxe5 dxe5 23. Bxf7+ Kxf7 24. Qf3+ Bf6 25. Qd5+ Ke8 26.
Bxc5 1-0

[Event "11th WUCC Men"]
[Site "Zuerich SUI"]
[Date "2010.09.06"]
[Round "3"]
[White "Markos,J"]
[Black "Akkozov,B"]
[Result "1-0"]
[WhiteElo "2566"]
[BlackElo "2283"]
[EventDate "2010.09.05"]

1. d4 d5 2. c4 c6 3. Nc3 Nf6 4. e3 a6 5. Nf3 b5 6. c5 Nbd7 7. b4 a5 8. bxa5
Qxa5 9. Bd2 b4 10. Nb1 Ne4 11. a3 Nxd2 12. Nfxd2 e5 13. Be2 Qa4 14. Nb3
bxa3 15. Rxa3 Qb4+ 16. Qd2 Qb8 17. Rxa8 Qxa8 18. O-O Be7 19. Nc3 O-O 20.
Qa2 Qb8 21. Na5 Qc7 22. Qa4 Nb8 23. Rb1 exd4 24. exd4 Bf6 25. g3 Bh3 26.
Rb6 Qa7 27. Bf1 Bxf1 28. Kxf1 Bxd4 29. Nxc6 Nxc6 30. Rxc6 Qd7 31. Ne2 Re8
32. Qb5 g5 33. Rg6+ 1-0

[Event "11th WUCC Men"]
[Site "Zuerich SUI"]
[Date "2010.09.06"]
[Round "3"]
[White "Sulashvili,M"]
[Black "Wyss,J"]
[Result "1-0"]
[WhiteElo "2500"]
[BlackElo "2270"]
[EventDate "2010.09.05"]

1. d4 Nf6 2. Nf3 g6 3. c4 Bg7 4. g3 O-O 5. Bg2 d6 6. O-O Nc6 7. Nc3 a6 8.
e3 Rb8 9. Qe2 b5 10. Rd1 b4 11. Nd5 Nd7 12. e4 e5 13. Bg5 f6 14. Be3 h6 15.
dxe5 fxe5 16. Nh4 Kh7 17. Qg4 g5 18. Nf5 Nf6 19. Qe2 Ng8 20. Nxg7 Kxg7 21.
c5 Nf6 22. cxd6 cxd6 23. Rac1 Ne7 24. Nxf6 Rxf6 25. Rd2 Qa5 26. b3 Bd7 27.
Qd1 Rd8 28. Rcc2 Bb5 29. Qc1 Rd7 30. Bh3 Rb7 31. Qd1 Nc6 32. Rxd6 Rxd6 33.
Qxd6 Qc7 34. Qe6 Qd8 35. Rd2 Qe7 36. Qd5 Rc7 37. Bf1 Bxf1 38. Kxf1 Qf6 39.
Rc2 Kg6 40. Qg8+ Qg7 41. Rxc6+ 1-0

[Event "11th WUCC Men"]
[Site "Zuerich SUI"]
[Date "2010.09.06"]
[Round "3"]
[White "Gaehler,M"]
[Black "Carron,J"]
[Result "1/2-1/2"]
[WhiteElo "2289"]
[BlackElo "2394"]
[EventDate "2010.09.05"]

1. e4 c5 2. Nf3 Nc6 3. Bb5 e6 4. O-O Nge7 5. c3 a6 6. Ba4 b5 7. Bc2 d5 8.
e5 d4 9. Be4 d3 10. c4 Bb7 11. Nc3 b4 12. Na4 Ng6 13. Qe1 Ra7 14. Qe3 Nd4
15. Bxb7 Rxb7 16. Nxd4 Qxd4 17. Re1 Qxc4 18. b3 Qd5 19. Nb2 Rd7 20. Nc4 Qb7
21. a3 Be7 22. axb4 cxb4 23. Qb6 Qxb6 24. Nxb6 Ra7 25. g3 O-O 26. Nc4 Rd8
27. Ra5 Bf8 28. Bb2 Rd5 29. Ra4 Ne7 1/2-1/2

[Event "11th WUCC Men"]
[Site "Zuerich SUI"]
[Date "2010.09.06"]
[Round "3"]
[White "Hoffmann,Pau"]
[Black "Otte,Mari"]
[Result "0-1"]
[WhiteElo "2372"]
[BlackElo "2264"]
[EventDate "2010.09.05"]

1. e4 c5 2. Nf3 d6 3. Nc3 a6 4. a4 Nf6 5. g3 Nc6 6. Bg2 e5 7. d3 h5 8. h3
Nd4 9. Nxd4 cxd4 10. Ne2 Be6 11. f4 g6 12. Ng1 Qc7 13. Nf3 Rc8 14. O-O Nd7
15. Rf2 f6 16. f5 gxf5 17. Nh4 fxe4 18. Bxe4 Bxh3 19. Bg6+ Kd8 20. Bxh5 Be6
21. Bg4 Bxg4 22. Qxg4 Qc6 23. b4 Kc7 24. Rb1 Be7 25. Qe6 Rcg8 26. Kh2 Rg7
27. b5 axb5 28. axb5 Qc5 29. Bd2 Nf8 30. b6+ Qxb6 31. Qa2 Qc6 32. Rb6 Qxb6
33. Ba5 f5 34. Bxb6+ Kxb6 35. Rf3 f4 36. Qd5 Nd7 37. gxf4 Rxh4+ 38. Rh3
Rxf4 39. Rh8 Kc7 40. Qa5+ Nb6 41. Kh3 Rf1 42. Kh2 Bg5 0-1

[Event "11th WUCC Men"]
[Site "Zuerich SUI"]
[Date "2010.09.06"]
[Round "3"]
[White "Munkhgal,G"]
[Black "Botvinnik,M ISR"]
[Result "1-0"]
[WhiteElo "2288"]
[BlackElo "2337"]
[EventDate "2010.09.05"]

1. d4 d6 2. g3 f5 3. Bg2 Nf6 4. c4 g6 5. Nc3 Bg7 6. Nf3 O-O 7. O-O Nc6 8.
d5 Na5 9. Qd3 c5 10. Bd2 a6 11. Ng5 Rb8 12. b3 b5 13. Ne6 Bxe6 14. dxe6 Qc8
15. cxb5 axb5 16. Nxb5 Nc6 17. Bc3 Ne4 18. Bxg7 Kxg7 19. a4 Qxe6 20. Qe3
Nb4 21. Rad1 Nd5 22. Qc1 Nb4 23. Qe3 Nd5 24. Qc1 Nb4 25. Qb1 Rfc8 26. Rc1
d5 27. e3 Nd6 28. Qa1+ Kf7 29. Na3 Qf6 30. Qb1 e6 31. Rfd1 g5 32. Nc4 Ne8
33. Nd2 g4 34. f3 h5 35. fxg4 hxg4 36. Kh1 Ke7 37. e4 fxe4 38. Nxe4 dxe4
39. Qxe4 Qf5 40. Qe3 Qh5 41. Rc4 Ng7 42. Re1 Kf7 43. Rf1+ Kg8 44. Qe2 Rf8
45. Rxg4 Rxf1+ 46. Bxf1 Qd5+ 47. Bg2 Qxb3 48. h4 Rf8 49. Kh2 Rf5 50. a5 Kf7
51. Qb5 Qb2 52. a6 Rf2 53. Qb7+ Kg8 54. a7 Nd5 1-0

[Event "11th WUCC Men"]
[Site "Zuerich SUI"]
[Date "2010.09.06"]
[Round "3"]
[White "Kumar,Ve"]
[Black "Soozankar,Amohammad"]
[Result "1-0"]
[WhiteElo "1983"]
[BlackElo "2299"]
[EventDate "2010.09.05"]

1. e4 e6 2. Nc3 c5 3. f4 d5 4. Nf3 Nf6 5. Bb5+ Nc6 6. Ne5 Qb6 7. exd5 exd5
8. Qe2 Be7 9. Na4 Qc7 10. Nxc5 O-O 11. Bxc6 Bxc5 12. Ba4 Ne4 13. Bb3 Nf2
14. Rf1 f6 15. Bxd5+ Kh8 16. d4 Bg4 17. Nxg4 Rae8 18. Rxf2 Rxe2+ 19. Rxe2
Bxd4 20. Kf1 b6 21. c4 h5 22. Nf2 a5 23. Nd3 Rd8 24. Be3 Bxe3 25. Rxe3 b5
26. b3 Qa7 27. Rae1 Qd4 28. f5 Qg4 29. Rf3 a4 30. Re4 Qg5 31. Nf4 axb3 32.
axb3 bxc4 33. bxc4 Rb8 34. Be6 Rb1+ 35. Ke2 Rb2+ 36. Kd3 Rb3+ 37. Kd4 Rxf3
38. gxf3 Qg1+ 39. Kd5 Qxh2 40. c5 Qd2+ 41. Kc6 Qd8 42. Bd7 Qa8+ 43. Kd6
Qb8+ 44. Ke7 Kg8 45. Be6+ Kh8 46. c6 g5 47. fxg6 Kg7 48. Nxh5+ Kxg6 49.
Nf4+ Kh6 1-0

[Event "11th WUCC Men"]
[Site "Zuerich SUI"]
[Date "2010.09.06"]
[Round "3"]
[White "Kukov,V"]
[Black "Meier,P SEY"]
[Result "1/2-1/2"]
[WhiteElo "2395"]
[BlackElo "2047"]
[EventDate "2010.09.05"]

1. d4 Nf6 2. Nf3 e6 3. Bg5 Be7 4. e3 b6 5. Bd3 Bb7 6. Nbd2 d6 7. O-O Nbd7
8. c3 c5 9. Qe2 O-O 10. e4 e5 11. dxe5 Nxe5 12. Nxe5 dxe5 13. Nf3 Qc7 14.
Nh4 Bc8 15. Rad1 Ne8 16. Bxe7 Qxe7 17. Nf5 Bxf5 18. exf5 Nd6 19. Bc2 Qf6
20. Rd5 Rae8 21. Re1 e4 22. Qd2 Nc4 23. Qc1 Qc6 24. Rdd1 Re5 25. b3 Nd6 26.
Qd2 Nxf5 27. Qd7 Qa8 28. f4 Re6 29. Rd5 Nh4 30. Rxe4 Rxe4 31. Bxe4 Qb8 32.
g3 Ng6 33. Rd6 Qe8 34. Qxe8 Rxe8 35. Bc6 Re7 36. Rd8+ Nf8 37. Kf2 g6 38. a4
Kg7 39. Rb8 Ne6 40. Kf3 Kf6 41. Bd5 h5 42. h3 Ng7 43. g4 g5 44. Rg8 hxg4+
45. hxg4 Ne6 46. Bxe6 Rxe6 47. fxg5+ Ke5 48. Rg7 f5 49. gxf6 Rxf6+ 50. Ke3
a5 51. Rg5+ Kd6 52. Rf5 Rh6 53. Kd3 Rh4 54. Rg5 Rh1 55. Kc4 Rf1 56. Rg6+
Kc7 57. g5 Rg1 58. Kb5 Rb1 59. Rg7+ Kd6 60. Rg6+ Kc7 61. c4 Rg1 62. Rg8
1/2-1/2

[Event "11th WUCC Men"]
[Site "Zuerich SUI"]
[Date "2010.09.06"]
[Round "3"]
[White "Fernando,SK Akila"]
[Black "Surya,W"]
[Result "0-1"]
[WhiteElo "2053"]
[BlackElo "2233"]
[EventDate "2010.09.05"]

1. e4 c5 2. Nc3 d6 3. g3 g6 4. Bg2 Bg7 5. d3 Nc6 6. Be3 Rb8 7. Qd2 b5 8. f4
Bd7 9. Nf3 Nd4 10. O-O b4 11. Nd1 e6 12. Nh4 Ne7 13. c3 bxc3 14. bxc3 Nb5
15. f5 exf5 16. exf5 Nxf5 17. Nxf5 gxf5 18. Bg5 Qc8 19. Re1+ Be6 20. a4 Nc7
21. Bc6+ Kf8 22. Qf4 Rb6 23. Qxd6+ Kg8 24. a5 Ra6 25. Rb1 Ne8 26. Qf4 Qxc6
27. Rb8 h6 28. Bd8 Kh7 29. g4 Qd6 30. Qxd6 Nxd6 0-1

[Event "11th WUCC Men"]
[Site "Zuerich SUI"]
[Date "2010.09.06"]
[Round "3"]
[White "Koggala,W"]
[Black "Kalugampitiya,R"]
[Result "1/2-1/2"]
[WhiteElo "2026"]
[BlackElo "2095"]
[EventDate "2010.09.05"]

1. d4 Nf6 2. Bf4 d6 3. e3 g6 4. h3 Bg7 5. Nf3 O-O 6. Be2 b6 7. O-O Bb7 8.
c4 Nbd7 9. Nc3 Re8 10. b4 e5 11. Bh2 a5 12. a3 axb4 13. axb4 Rxa1 14. Qxa1
Ne4 15. d5 Nxc3 1/2-1/2

[Event "11th WUCC Men"]
[Site "Zuerich SUI"]
[Date "2010.09.07"]
[Round "4"]
[White "Wang Yue"]
[Black "Khmelniker,I"]
[Result "1/2-1/2"]
[WhiteElo "2732"]
[BlackElo "2483"]
[EventDate "2010.09.05"]

1. d4 Nf6 2. c4 g6 3. Nc3 d5 4. Bf4 Bg7 5. e3 O-O 6. Rc1 Be6 7. Qb3 c5 8.
Qxb7 Qb6 9. Qxb6 axb6 10. Nf3 dxc4 11. dxc5 Nd5 12. cxb6 Nxf4 13. exf4 Ra6
14. Nd1 Rxa2 15. Bxc4 Bxc4 16. Rxc4 Ra6 17. b7 Rb6 18. Rc7 e6 19. Ne5 Bxe5
20. fxe5 Na6 21. Rc8 Rxb7 22. Rxf8+ Kxf8 23. Kd2 Nc5 24. Kc2 g5 25. Nc3 Rb4
26. Re1 Rxb2+ 27. Kxb2 Nd3+ 28. Kb3 Nxe1 29. Ne4 h6 30. g3 Nf3 31. h3 Nxe5
32. Kc3 Kg7 33. Kd4 Nd7 34. Ke3 Kg6 35. Nd6 Nf6 36. Nc4 Kf5 37. Nd6+ Kg6
38. Nc4 Nd7 39. Nd6 f5 40. f4 h5 41. Nc4 Kf6 42. Nd2 e5 43. fxe5+ Nxe5 44.
Nb3 Nc4+ 45. Kd4 Ne5 46. Ke3 Ng6 47. Nc5 Ke5 48. Nd3+ Kd5 49. Ne1 Ne5 50.
Ng2 Nc4+ 51. Ke2 Ke4 52. h4 gxh4 53. Nxh4 Ne5 54. Kf2 1/2-1/2

[Event "11th WUCC Men"]
[Site "Zuerich SUI"]
[Date "2010.09.07"]
[Round "4"]
[White "Jumabayev,R"]
[Black "Ismagambetov,An"]
[Result "1/2-1/2"]
[WhiteElo "2547"]
[BlackElo "2492"]
[EventDate "2010.09.05"]

1. d4 d5 2. Nf3 a6 3. e3 b5 4. a4 b4 5. c4 bxc3 6. bxc3 e6 7. c4 dxc4 8.
Bxc4 Nf6 9. O-O Bb7 10. Nbd2 Nbd7 11. Rb1 Ra7 12. Qe2 Qa8 13. Bb2 Be7 14.
Rfc1 O-O 15. Ne1 c5 16. dxc5 Nxc5 17. Bd4 Nfd7 18. Nb3 Be4 19. Ra1 Rc8 20.
Qg4 Bg6 21. Nxc5 Bxc5 22. Bf1 Rac7 23. Bxc5 Nxc5 1/2-1/2

[Event "11th WUCC Men"]
[Site "Zuerich SUI"]
[Date "2010.09.07"]
[Round "4"]
[White "Megaranto,S"]
[Black "Gundavaa,B"]
[Result "0-1"]
[WhiteElo "2516"]
[BlackElo "2460"]
[EventDate "2010.09.05"]

1. c4 Nf6 2. Nc3 c5 3. Nf3 d5 4. cxd5 Nxd5 5. g3 g6 6. Bg2 Bg7 7. O-O O-O
8. Qb3 Nb6 9. d3 Nc6 10. Be3 Nd4 11. Bxd4 cxd4 12. Ne4 Be6 13. Qa3 Bd5 14.
Nc5 Qd6 15. Nd2 Bxg2 16. Kxg2 Rfc8 17. b4 Qc6+ 18. Nf3 Nd5 19. Ne4 Nc3 20.
Nxc3 dxc3 21. Qb3 b5 22. Kg1 c2 23. d4 Qc4 24. e3 a5 25. bxa5 Rxa5 26. Qxc4
Rxc4 27. Nd2 Rc8 28. Nb3 Ra4 29. f4 e6 30. Rfc1 Rc3 31. Kf2 Bf8 32. Ke2 Ba3
33. Kd2 Bb2 34. a3 Rxb3 35. Kxc2 Bxc1 36. Kxb3 Bxe3 0-1

[Event "11th WUCC Men"]
[Site "Zuerich SUI"]
[Date "2010.09.07"]
[Round "4"]
[White "Miljkovic,Mir1"]
[Black "Jurcik,Mari"]
[Result "1/2-1/2"]
[WhiteElo "2510"]
[BlackElo "2466"]
[EventDate "2010.09.05"]

1. d4 e6 2. c4 Bb4+ 3. Nd2 c5 4. Ngf3 cxd4 5. a3 Be7 6. Nxd4 b6 7. e3 Nf6
8. Qf3 d5 9. cxd5 Nxd5 10. b3 O-O 11. Bb2 Bb7 12. Qg3 Bh4 13. Qh3 Nc6 14.
Rd1 Nxd4 15. Bxd4 Bf6 16. Nc4 Qe7 17. Bxf6 Nxf6 18. Bd3 Bd5 19. b4 Bxc4 20.
Bxc4 a5 21. O-O axb4 22. axb4 Qxb4 23. Be2 Rab8 24. Rb1 Qd2 25. Bf3 b5 26.
Qh4 Qd6 27. Rfd1 Qe5 28. h3 Rfd8 29. Rdc1 Rdc8 30. Qb4 Rxc1+ 31. Rxc1 g6
32. g3 Kg7 33. g4 Nd5 34. Bxd5 Qxd5 35. Rc5 Qd1+ 36. Kg2 Qd6 37. g5 Qd7 38.
h4 Qb7+ 39. Kg3 Kg8 40. f3 Qd7 41. Qf4 Rc8 42. Qd4 Qb7 43. Rxc8+ Qxc8 44.
Qb6 Qe8 45. f4 e5 46. f5 gxf5 47. h5 f4+ 48. exf4 exf4+ 1/2-1/2

[Event "11th WUCC Men"]
[Site "Zuerich SUI"]
[Date "2010.09.07"]
[Round "4"]
[White "Nikolov,Mo"]
[Black "Mohajerin Esfahani,Peyman"]
[Result "1-0"]
[WhiteElo "2549"]
[BlackElo "2366"]
[EventDate "2010.09.05"]

1. d4 Nf6 2. c4 g6 3. Nc3 Bg7 4. e4 d6 5. f3 O-O 6. Bg5 c5 7. d5 h6 8. Be3
e6 9. Qd2 exd5 10. cxd5 a6 11. a4 Re8 12. Nge2 Nbd7 13. Nc1 Ne5 14. Be2 g5
15. h4 gxh4 16. Bxh6 Ng6 17. Bg5 Qa5 18. Nd3 Nh7 19. Bxh4 Nxh4 20. Rxh4 b5
21. Kf2 b4 22. Na2 Qd8 23. Rah1 Nf8 24. Nf4 Qg5 25. Rh5 Qf6 26. b3 Ng6 27.
g3 Ra7 28. Nc1 Qc3 29. Qxc3 bxc3 30. Nxg6 fxg6 31. R5h2 a5 32. Bb5 Rf8 33.
Ke2 Ba6 34. Bxa6 Rxa6 35. Rh4 Rb6 36. Rg4 Kf7 37. Rf4+ Kg8 38. Rxf8+ Kxf8
39. Kd3 Rb4 40. Rh2 Rd4+ 41. Kc2 c4 42. bxc4 Rxc4 43. Kd3 Rxa4 44. Ra2 Rd4+
45. Ke3 a4 46. Ne2 Rc4 47. Kd3 Rb4 48. Ra3 c2 49. Kxc2 Bb2 50. Ra2 a3 51.
Nf4 Rc4+ 52. Kd2 Rc1 53. Nd3 Rf1 54. Ke3 Ra1 55. Rxa1 Bxa1 56. Nb4 Ke7 57.
Kd3 Be5 58. f4 Bb2 59. Kc2 Kf6 60. Kb3 g5 61. Nd3 gxf4 62. gxf4 Bd4 63.
Kxa3 Ke7 64. Kb4 Be3 65. Kb5 Kd7 66. e5 dxe5 67. fxe5 1-0